00738cam a2200181 a 450000100100000000500170001000800410002702000150006804000230008308200200010610000360012624501150016226001060027730000210038350400320040465000590043665000610049500000747920200929154202.0850516s1984 cr b f001 0 spa  a9977590397 aDO-SdBNPcDLCdDLC aCa864.44bM743i1 aMonge, Carlos Francisco,d1951-13aLa imagen separada :bmodelos ideológicos de la poesía costarricense, 1950-1980 /cCarlos Francisco Monge. aSan José, (Costa Rica) :bInstituto del Libro ;bMinisterio de Cultura, Juventud y Deportes,c1984. a204 p. ;c21 cm. aBibliografía: p. 193-194. 4aEnsayos costarricensesySIGLO XXxHistoria y crítica 4aLiteratura costarricenseySIGLO XXxHistoria y crítica